| 000 | 00609nam a22002177a 4500 | ||
|---|---|---|---|
| 005 | 20250506054222.0 | ||
| 008 | 250506b |||||||| |||| 00| 0 eng d | ||
| 020 | _a978-1-4814-5643-2 | ||
| 082 | _aFic. H691 2017 | ||
| 100 | _aHodkin, Michelle | ||
| 245 |
_aThe becoming of Noah Shaw / _cMichelle Hodkin |
||
| 260 |
_aNew York: _bSimon and Schuster, _cc2014 |
||
| 300 | _a[369]p. | ||
| 490 | _aThe Shaw confessions; v.1 | ||
| 541 | _e7832 c.1 | ||
| 650 | _aAbility - Fiction | ||
| 650 | _aMystery fiction | ||
| 650 | _aGenetics - Fiction | ||
| 650 | _aParanormal fiction | ||
| 650 | _aSuicide - Fiction | ||
| 999 |
_c2446 _d2446 |
||